000 00853cab a2200229 4500
001 WB3224-36
008 090401t1996 xxu||||| |||| 00| 0 eng d
035 _a(Sirsi) u34299
041 _aeng
245 _aBlow to factory shopping development
260 _c1996
350 _a0
490 _aFinancial Times
_v17 June 1996, 8
490 _aEstates Gazette
_v(9624) 15 June 1996, 45(1)
520 _aThe SoS Environment`s refusal to grant planning permission for a factory outlet shopping centre outside Tewkesbury emphasises government commitment to town centre shopping and accessibility by public transport. Decision could halt the development of factory outlet schemes.
650 _aFACTORY SHOPS
650 _aOUT-OF-TOWN
650 _aPLANNING PERMISSION
690 _aPLANNING LAW AND PRACTICE
942 _n0
948 _c04/03/1997
999 _c22740
_d22740